000 00251nam a2200097Ia 4500
001 682953
005 20250826161428.0
008 250824s9999 xx 000 0 und d
245 0 _aKANUNİNİN AKIL OYUNLARI
_cTALHA UĞURLUEL
260 _bTİMAŞ YAYINLARI
999 _c682953
_d682953